Coen Brothers Film by Opening Line Quiz Stats

Quiz Updated Apr 7, 2016

Challenge
Share
Tweet
Embed
Score 0/17 Timer 05:00
0 Plays Today
Opening Line Film % Correct
I'm, uhh, Jerry Lundergaard.Fargo
76.5%
I was sheriff of this county when I was twenty-five years old. Hard to believe.No Country For Old Men
73.2%
People do not give it credence that a 14-year-old girl could leave home and go off in the wintertime to avenge her father’s blood...True Grit
65%
Way out west there was this fella... fella I wanna tell ya about.The Big Lebowski
60.1%
Say, any of you boys smithies? Or... were you otherwise trained in the metallurgic arts before straitened circumstances forced you into a life of aimless wandering?O Brother, Where Art Thou?
59.4%
My name is H.I. McDunnough. Call me Hi.Raising Arizona
47.8%
Thank you. You've probably heard that one before, but what the hell... if it was never new, and it never gets old, then it's a folk song.Inside Llewyn Davis
44.1%
Ozzie. Come on in.Burn After Reading
29.2%
That's right. New York.The Hudsucker Proxy
28.2%
Opening Line Film % Correct
I'm blowin' out of here, blowin' for good. I'm kissin' it all goodbye, these four stinkin' walls, the six flights up, the el that roars by at three A.M. like a castiron wind.Barton Fink
27.8%
I'm talkin' about friendship. I'm talkin' about character. I'm talkin' about - hell. Leo, I ain't embarrassed to use the word - I'm talkin' about ethics.Miller's Crossing
27.3%
Yeah, I worked in a barbershop. But I never considered myself a barber.The Man Who Wasn't There
26.6%
The world is full o' complainers. An' the fact is, nothin' comes with a guarantee.Blood Simple
25.3%
Unh... Oh! Afternoon, Miss Munson. The Ladykillers
24.5%
Son, it is so late.Hail, Caesar!
20%
What a marvel.... What a marvel....A Serious Man
19%
[singing] I'm just a poor boy, though my story's seldom told. Intolerable Cruelty
16.1%

You're not logged in!

Compare scores with friends on all Sporcle quizzes.
Sign Up with Email
OR
Log In

You Might Also Like...

Show Comments

Extras

Top Quizzes Today


Score Distribution

Your Account Isn't Verified!

In order to create a playlist on Sporcle, you need to verify the email address you used during registration. Go to your Sporcle Settings to finish the process.